Krishnamurti Foundation India Bulletin (Record no. 24184)

MARC details
000 -LEADER
fixed length control field 00527nam a22001577a 4500
005 - DATE AND TIME OF LATEST TRANSACTION
control field 20090223151620.0
008 - FIXED-LENGTH DATA ELEMENTS--GENERAL INFORMATION
fixed length control field 090223t xxu||||| |||| 00| 0 eng d
245 ## - TITLE STATEMENT
Title Krishnamurti Foundation India Bulletin
260 ## - PUBLICATION, DISTRIBUTION, ETC. (IMPRINT)
Place of publication, distribution, etc Chennai
Name of publisher, distributor, etc Krishnamurti Foundation India
Date of publication, distribution, etc 2008-
300 ## - PHYSICAL DESCRIPTION
Extent v.
Dimensions 24 cm
310 ## - CURRENT PUBLICATION FREQUENCY
Current publication frequency thrice in a year
270 ## - ADDRESS
Address 124, Greenways Road,
City Chennai
Postal code 600028
365 ## - TRADE PRICE
Price note Rs. 25.00 per copy
942 ## - ADDED ENTRY ELEMENTS (KOHA)
Source of classification or shelving scheme Dewey Decimal Classification
Item type Periodicals
Serial record 1
Holdings
Withdrawn status Lost status Source of classification or shelving scheme Damaged status Not for loan Collection code Home library Current library Date acquired Total Checkouts Date last seen Price effective from Koha item type
    Dewey Decimal Classification   Not For Loan Non-fiction D.B.Act.Division D.B.Act.Division 23/02/2009   23/02/2009 23/02/2009 Periodicals

© Delhi Public Library
Hit Counter
free hit counter